Protein cơ sở của sự sống

সংরক্ষণ করুন:
গ্রন্থ-পঞ্জীর বিবরন
প্রধান লেখক: Lê Doãn Diên
বিন্যাস: গ্রন্থ
ভাষা:Undetermined
প্রকাশিত: Hà Nội KHKT 1979
বিষয়গুলি:
ট্যাগগুলো: ট্যাগ যুক্ত করুন
কোনো ট্যাগ নেই, প্রথমজন হিসাবে ট্যাগ করুন!
Thư viện lưu trữ: Trung tâm Học liệu Trường Đại học Cần Thơ
LEADER 00498nam a2200169Ia 4500
001 CTU_7926
008 210402s9999 xx 000 0 und d
082 |a 574.19245 
082 |b D562 
100 |a Lê Doãn Diên 
245 0 |a Protein cơ sở của sự sống 
245 0 |c Lê Doãn Diên, Lê Huy Thụy, Mỹ Xuyên 
260 |a Hà Nội 
260 |b KHKT 
260 |c 1979 
650 |a biochemistry,proteins 
980 |a Trung tâm Học liệu Trường Đại học Cần Thơ